The Decameron / (Record no. 20145)
[ view plain ]
| 000 -LEADER | |
|---|---|
| fixed length control field | 01460cam a22003855a 4500 |
| 001 - CONTROL NUMBER | |
| control field | 011932438 |
| 003 - CONTROL NUMBER IDENTIFIER | |
| control field | EG-ScBUE |
| 005 - DATE AND TIME OF LATEST TRANSACTION | |
| control field | 20220404112232.0 |
| 008 - FIXED-LENGTH DATA ELEMENTS--GENERAL INFORMATION | |
| fixed length control field | 030630r20031995enkb f b 001 1 eng d |
| 020 ## - INTERNATIONAL STANDARD BOOK NUMBER | |
| International Standard Book Number | 9780140449303 (pbk) |
| 040 ## - CATALOGING SOURCE | |
| Original cataloging agency | IeDuTC |
| Language of cataloging | eng |
| Description conventions | rda |
| Modifying agency | Uk |
| -- | EG-ScBUE |
| -- | EG-ScBUE |
| Transcribing agency | EG-ScBUE |
| 041 1# - LANGUAGE CODE | |
| Language code of text/sound track or separate title | eng |
| Language code of original and/or intermediate translations of text | ita |
| 082 04 - DEWEY DECIMAL CLASSIFICATION NUMBER | |
| Classification number | 853.1 |
| Item number | BOC |
| Edition number | 22 |
| 100 1# - MAIN ENTRY--PERSONAL NAME | |
| Personal name | Boccaccio, Giovanni, |
| Dates associated with a name | 1313-1375, |
| Relator term | author. |
| 9 (RLIN) | 39311 |
| 240 10 - UNIFORM TITLE | |
| Uniform title | <a href="Decamerone.">Decamerone.</a> |
| Language of a work | English |
| 245 14 - TITLE STATEMENT | |
| Title | The Decameron / |
| Statement of responsibility, etc | Giovanni Boccaccio ; translated with an introduction and notes by G. H. McWilliam. |
| 250 ## - EDITION STATEMENT | |
| Edition statement | Second edition, |
| Remainder of edition statement | Reprinted edition. |
| 264 #1 - PUBLICATION, DISTRIBUTION, ETC. (IMPRINT) | |
| Place of publication, distribution, etc | London : |
| Name of publisher, distributor, etc | Penguin Books, |
| Date of publication, distribution, etc | 2003. |
| 300 ## - PHYSICAL DESCRIPTION | |
| Extent | cli, 909 pages : |
| Other physical details | maps ; |
| Dimensions | 20 cm. |
| 336 ## - CONTENT TYPE | |
| Source | rdacontent |
| Content type term | text |
| Content type code | txt |
| 337 ## - MEDIA TYPE | |
| Source | rdamedia |
| Media type term | unmediated |
| Media type code | n |
| 338 ## - CARRIER TYPE | |
| Source | rdacarrier |
| Carrier type term | volume |
| Carrier type code | nc |
| 490 0# - SERIES STATEMENT | |
| Series statement | Penguin classics |
| 500 ## - GENERAL NOTE | |
| General note | Reprint of 2nd edition originally published, 1995. Previous edition, 1972. |
| 504 ## - BIBLIOGRAPHY, ETC. NOTE | |
| Bibliography, etc | Includes bibliographical references and index. |
| 546 ## - LANGUAGE NOTE | |
| Language note | Text in English ; translated from the original Italian. |
| 650 #7 - SUBJECT ADDED ENTRY--TOPICAL TERM | |
| Topical term or geographic name as entry element | Storytelling |
| Form subdivision | Fiction. |
| Source of heading or term | BUEsh |
| 9 (RLIN) | 24892 |
| 650 #7 - SUBJECT ADDED ENTRY--TOPICAL TERM | |
| Topical term or geographic name as entry element | Italian fiction |
| General subdivision | Translations into English. |
| Form subdivision | BUEsh |
| Source of heading or term | BUEsh |
| 650 #7 - SUBJECT ADDED ENTRY--TOPICAL TERM | |
| Topical term or geographic name as entry element | Plague |
| Geographic subdivision | Europe |
| General subdivision | History |
| Form subdivision | Fiction. |
| Source of heading or term | BUEsh |
| 651 ## - SUBJECT ADDED ENTRY--GEOGRAPHIC NAME | |
| Source of heading or term | BUEsh |
| 653 ## - INDEX TERM--UNCONTROLLED | |
| Arrived date list | July2015 |
| -- | February2016 |
| Resource For college | Humanities: English |
| 655 ## - INDEX TERM--GENRE/FORM | |
| Form subdivision | Reading book |
| 9 (RLIN) | 34232 |
| 700 1# - ADDED ENTRY--PERSONAL NAME | |
| Personal name | McWilliam, G. H. |
| Fuller form of name | (George Henry) |
| Relator term | translator. |
| 942 ## - ADDED ENTRY ELEMENTS (KOHA) | |
| Source of classification or shelving scheme | Dewey Decimal Classification |
| Koha item type | Book - Borrowing |
| Withdrawn status | Lost status | Source of classification or shelving scheme | Damaged status | Not for loan | Collection code | Home library | Current library | Shelving location | Date acquired | Source of acquisition | Cost, normal purchase price | Serial Enumeration / chronology | Total Checkouts | Full call number | Barcode | Date last seen | Cost, replacement price | Koha item type |
|---|---|---|---|---|---|---|---|---|---|---|---|---|---|---|---|---|---|---|
| Dewey Decimal Classification | Baccah | Central Library | Central Library | Second Floor | 02/07/2015 | Purchase | 94.00 | 22353 | 853.1 BOC | 000038893 | 15/07/2025 | 117.00 | Book - Borrowing |